Vivir muriendo (Registro nro. 164629)

Detalles MARC
000 -LEADER
campo de control de longitud fija 00722nam a22001695i 4500
001 - NÚMERO DE CONTROL
campo de control 164629
003 - IDENTIFICADOR DE NÚMERO DE CONTROL
campo de control ES-MaACL
005 - FECHA Y HORA DE LA ÚLTIMA TRANSACCIÓN
campo de control 20230906212955.0
008 - DATOS DE LONGITUD FIJA--INFORMACIÓN GENERAL
campo de control de longitud fija 020207s1878 sp |||| | spa d
040 ## - FUENTE DE CATALOGACIÓN
Centro catalogador/agencia de origen CAM
Lengua de catalogación spa
Centro/agencia transcriptor CAM
100 1# - ENTRADA PRINCIPAL--NOMBRE DE PERSONA
Nombre de persona Sánchez-Arjona, José.
9 (RLIN) 133051
245 10 - MENCIÓN DEL TÍTULO
Título Vivir muriendo
Resto del título : drama en tres actos y en verso /
Mención de responsabilidad, etc. original de José Sanchez-Arjona.
260 ## - PUBLICACIÓN, DISTRIBUCIÓN, ETC.
Lugar de publicación, distribución, etc. Madrid :
Nombre del editor, distribuidor, etc. [s.n.],
Fecha de publicación, distribución, etc. 1878 (
Fabricante Imprenta de Fortanet)
300 ## - DESCRIPCIÓN FÍSICA
Extensión VI, [2], 69 p. ;
Dimensiones 19 cm.
596 #1 - NOTA AL PIE DE IMPRENTA
NOTA AL PIE DE IMPRENTA Al v. de port. consta : "... Administracion Lírico-Dramática de Don Eduardo Hidalgo..."
852 ## - LOCALIZACIÓN
Ubicación ES-MaACL
Número de control de estantería T-366-F-8
Nota libre -- Enc. hol.
-- -- Dedic. ms. del autor a la biblioteca del Ateneo de Madrid
-- -- Enc. en un vol. facticio
Existencias
Estatus retirado Estado de pérdida Estado de daño No para préstamo Colección Biblioteca de origen Biblioteca actual Ubicación en estantería Fecha de adquisición Total de préstamos Signatura topográfica completa Código de barras Visto por última vez Precio de reemplazo Tipo de ítem Koha
        Colección de folletos Biblioteca del Ateneo de Madrid Biblioteca del Ateneo de Madrid Depósito folletos 17/01/2008   T-366-F-8 1172576 23/02/2023 23/02/2023 Folleto